[Event "EU-ch (Women) 24th"]
[Site "Rhodes"]
[Date "2024.04.29"]
[Round "10"]
[White "Nilssen, Ellen Fredericia"]
[Black "Rakhmangulova, Anastasiya"]
[Result "0-1"]
[WhiteElo "2195"]
[BlackElo "2324"]
[PlyCount "130"]
[EventDate "2024.04.19"]
[EventType "swiss"]
[EventRounds "10"]
[EventCountry "GRE"]
[SourceTitle "CB18_2024"]
[SourceDate "2024.05.01"]
[SourceVersion "1"]
[SourceVersionDate "2024.05.01"]
[SourceQuality "2"]

1. d4 Nf6 2. Nf3 g6 3. c4 Bg7 4. Nc3 d6 5. g3 0-0 6. Bg2 a6 7. 0-0 Nc6 8. d5 Na5 9. b3 c5 10. dxc6 Nxc6 11. Bb2 Ne4 12. Qc1 Nxc3 13. Bxc3 Bxc3 14. Qxc3 Bg4 15. Nd4 Qd7 16. e4 Nxd4 17. Qxd4 e5 18. Qb6 Rac8 19. f3 Rc6 20. Qe3 Bh3 21. Bxh3 Qxh3 22. Rad1 b5 23. cxb5 axb5 24. Rc1 Rfc8 25. Rxc6 Rxc6 26. Rc1 Qc8 27. Rxc6 Qxc6 28. Qa7 Kg7 29. h4 h5 30. Kg2 b4 31. Qf2 Qc3 32. Qb6 Qd2+ 33. Qf2 Qd3 34. Qb6 Qe2+ 35. Qf2 Qxf2+ 36. Kxf2 f5 37. Ke3 Kf6 38. Kd3 f4 39. g4 hxg4 40. fxg4 Ke6 41. Kc4 f3 42. Kd3 d5 43. Ke3 dxe4 44. Kf2 Kd6 45. Ke3 Kd5 46. Kf2 Kd4 47. h5 gxh5 48. gxh5 e3+ 49. Kxf3 Kd3 50. h6 e2 51. h7 e1Q 52. h8Q Qf1+ 53. Kg4 Qf4+ 54. Kh3 Ke2 55. Qc8 Kf3 56. Qc6+ e4 57. Qg6 Kf2 58. Qg2+ Ke1 59. Qg6 e3 60. Kg2 Kd2 61. Qb1 Qg4+ 62. Kh2 Qh4+ 63. Kg2 Qg5+ 64. Kf3 Qf6+ 65. Kg2 e2 0-1

[Event "EU-ch (Women) 24th"]
[Site "Rhodes"]
[Date "2024.04.27"]
[Round "8"]
[White "Orian, Noga"]
[Black "Rakhmangulova, Anastasiya"]
[Result "1/2-1/2"]
[WhiteElo "2099"]
[BlackElo "2324"]
[PlyCount "85"]
[EventDate "2024.04.19"]
[EventType "swiss"]
[EventRounds "10"]
[EventCountry "GRE"]
[SourceTitle "CB18_2024"]
[SourceDate "2024.05.01"]
[SourceVersion "1"]
[SourceVersionDate "2024.05.01"]
[SourceQuality "2"]

1. d4 d5 2. c4 c6 3. Nf3 Nf6 4. e3 e6 5. b3 Ne4 6. Bd3 Bb4+ 7. Nbd2 Nd7 8. 0-0 f5 9. Ne1 0-0 10. f3 Nxd2 11. Bxd2 Bd6 12. f4 Nf6 13. c5 Bc7 14. Nf3 Bd7 15. b4 Be8 16. a4 Bh5 17. Be1 Ne4 18. Bh4 Qe8 19. Qe1 a6 20. Nd2 h6 21. Nxe4 dxe4 22. Be2 Kh7 23. Bg3 Bxe2 24. Qxe2 g5 25. fxg5 Bxg3 26. hxg3 hxg5 27. Kf2 Kg6 28. Rh1 Rh8 29. Qc4 Qf7 30. Ke2 Qd7 31. Rab1 Rae8 32. Rxh8 Rxh8 33. b5 axb5 34. axb5 Ra8 35. bxc6 bxc6 36. Rb6 Ra3 37. Rb8 Rd3 38. Rb3 Rxb3 39. Qxb3 Kh5 40. Qb8 Kg6 41. Qg8+ Kf6 42. Qf8+ Kg6 43. Qg8+ 1/2-1/2

[Event "EU-ch (Women) 24th"]
[Site "Rhodes"]
[Date "2024.04.19"]
[Round "1"]
[White "Rakhmangulova, Anastasiya"]
[Black "Lomaia, Diana"]
[Result "1-0"]
[WhiteElo "2324"]
[BlackElo "2005"]
[PlyCount "49"]
[EventDate "2024.04.19"]
[EventType "swiss"]
[EventRounds "10"]
[EventCountry "GRE"]
[SourceTitle "CB18_2024"]
[SourceDate "2024.05.01"]
[SourceVersion "1"]
[SourceVersionDate "2024.05.01"]
[SourceQuality "2"]

1. e4 c5 2. Nf3 e6 3. d4 cxd4 4. Nxd4 Nc6 5. Nc3 Qc7 6. Be3 a6 7. g4 b5 8. Nxc6 Qxc6 9. Qd2 b4 10. Ne2 Qxe4 11. Rg1 Qc6 12. Bg2 d5 13. 0-0-0 Bb7 14. f4 Nf6 15. f5 e5 16. g5 Ne4 17. Bxe4 dxe4 18. f6 Rc8 19. Kb1 Rg8 20. Rgf1 gxf6 21. gxf6 Qc7 22. Rf5 Be7 23. fxe7 Qxe7 24. Bg5 e3 25. Qe1 1-0

[Event "Swiss Queens Wed #9"]
[Site "FIDE Online Arena INT"]
[Date "2024.03.27"]
[Round "1"]
[White "Rakhmangulova, Anastasiya"]
[Black "Tripurambika, V."]
[Result "1-0"]
[WhiteElo "2323"]
[BlackElo "1626"]
[PlyCount "71"]
[EventDate "2024.03.27"]
[EventType "swiss (blitz)"]
[EventRounds "11"]
[EventCountry "NET"]
[SourceTitle "CB14_2024"]
[SourceDate "2024.04.01"]
[SourceVersion "1"]
[SourceVersionDate "2024.04.01"]
[SourceQuality "1"]

1. e4 c5 2. g3 g6 3. Bg2 Bg7 4. Ne2 Nc6 5. 0-0 d6 6. c3 Nf6 7. d3 0-0 8. h3 h6 9. Be3 a6 10. d4 c4 11. Nd2 Na5 12. e5 dxe5 13. dxe5 Nd7 14. e6 fxe6 15. Nf4 Ne5 16. Qc2 g5 17. Nh5 Qd3 18. Qa4 Nac6 19. Nxg7 Kxg7 20. Rad1 Bd7 21. Be4 Qd6 22. Nxc4 Qc7 23. Nxe5 Nxe5 24. Qd4 Rad8 25. Qb6 Qb8 26. Qxb7 Qxb7 27. Bxb7 Bb5 28. Rfe1 Rd5 29. Bxd5 exd5 30. Bd4 Kg6 31. Rxe5 Bc4 32. b3 Bb5 33. a4 Bd7 34. Rxe7 Bf5 35. g4 Be4 36. Rg7# 1-0

[Event "Swiss Queens Wed #8"]
[Site "FIDE Online Arena INT"]
[Date "2024.03.20"]
[Round "2"]
[White "Narahari, Akshaya"]
[Black "Rakhmangulova, Anastasiya"]
[Result "0-1"]
[WhiteElo "1466"]
[BlackElo "2323"]
[PlyCount "70"]
[EventDate "2024.03.20"]
[EventType "swiss (blitz)"]
[EventRounds "11"]
[EventCountry "NET"]
[SourceTitle "CB13_2024"]
[SourceDate "2024.03.27"]
[SourceVersion "1"]
[SourceVersionDate "2024.03.27"]
[SourceQuality "1"]

1. d4 g6 2. c4 Bg7 3. Nc3 d6 4. e4 e5 5. dxe5 dxe5 6. Qxd8+ Kxd8 7. Nd5 c6 8. Nb4 Be6 9. Be3 Nd7 10. 0-0-0 Kc7 11. c5 h5 12. Nf3 f6 13. Bd3 a5 14. Nc2 Bxa2 15. g3 Bh6 16. Bxh6 Nxh6 17. Nh4 Bf7 18. Ne3 Nxc5 19. Bc2 a4 20. Kb1 Ng4 21. Nxg4 hxg4 22. Ng2 a3 23. h4 gxh3 24. Nh4 axb2 25. Kxb2 Ra2+ 26. Kb1 Rha8 27. Kc1 Nb3+ 28. Bxb3 Bxb3 29. Rd2 Ra1+ 30. Kb2 Rxh1 31. Kxb3 h2 32. f3 Rb1+ 33. Rb2 h1Q 34. Rxb1 Qxb1+ 35. Kc4 Ra3 0-1

[Event "Swiss Queens Wed #8"]
[Site "FIDE Online Arena INT"]
[Date "2024.03.20"]
[Round "9"]
[White "Rakhmangulova, Anastasiya"]
[Black "Michelle, Catherina P"]
[Result "0-1"]
[WhiteElo "2323"]
[BlackElo "2164"]
[PlyCount "108"]
[EventDate "2024.03.20"]
[EventType "swiss (blitz)"]
[EventRounds "11"]
[EventCountry "NET"]
[SourceTitle "CB13_2024"]
[SourceDate "2024.03.27"]
[SourceVersion "1"]
[SourceVersionDate "2024.03.27"]
[SourceQuality "1"]

1. e4 c5 2. g3 Nc6 3. Bg2 g6 4. Ne2 Bg7 5. c3 e5 6. 0-0 Nge7 7. d3 0-0 8. Be3 d6 9. Qd2 f5 10. Bh6 Be6 11. Bxg7 Kxg7 12. f4 d5 13. fxe5 dxe4 14. Nf4 Bg8 15. dxe4 Nxe5 16. Qe3 Ng4 17. Qxc5 b6 18. Qd4+ Qxd4+ 19. cxd4 Ne3 20. e5 Nxf1 21. Bxa8 Ne3 22. Na3 Rxa8 23. Rc1 Rc8 24. Re1 N3d5 25. Nd3 Be6 26. Nb5 a6 27. Nd6 Rc2 28. Rc1 Rxc1+ 29. Nxc1 Nc6 30. Ne2 Ndb4 31. a3 Nc2 32. Ne8+ Kf7 33. Nc7 N2xd4 34. Nf4 a5 35. Na8 b5 36. Nc7 b4 37. a4 Nxe5 38. Na6 Bd7 39. Nc5 Bc6 40. Kf2 g5 41. Nh5 Kg6 42. g4 fxg4 43. Ng3 Ndf3 44. Nb3 Nxh2 45. Nxa5 Bxa4 46. b3 Bb5 47. Nb7 Nd3+ 48. Ke3 Nf3 49. Nd6 Ba6 50. Nge4 Nde5 51. Nc5 Bf1 52. Ne6 g3 53. Ne4 g2 54. Kf2 Nd3+ 0-1

[Event "Swiss Queens Wed #8"]
[Site "FIDE Online Arena INT"]
[Date "2024.03.20"]
[Round "4"]
[White "Yashvi, Jain"]
[Black "Rakhmangulova, Anastasiya"]
[Result "0-1"]
[WhiteElo "1719"]
[BlackElo "2323"]
[PlyCount "104"]
[EventDate "2024.03.20"]
[EventType "swiss (blitz)"]
[EventRounds "11"]
[EventCountry "NET"]
[SourceTitle "CB13_2024"]
[SourceDate "2024.03.27"]
[SourceVersion "1"]
[SourceVersionDate "2024.03.27"]
[SourceQuality "1"]

1. d4 g6 2. Nf3 Bg7 3. Bf4 d6 4. h3 Nf6 5. e3 0-0 6. Be2 Nc6 7. 0-0 e5 8. dxe5 Ne4 9. Bd3 dxe5 10. Bh2 Nd6 11. e4 f5 12. Nbd2 Be6 13. c3 Qe7 14. Qe2 Rad8 15. Rae1 f4 16. Nc4 h6 17. Rd1 Qf7 18. Nxd6 Rxd6 19. b3 g5 20. Bc2 Rfd8 21. Rxd6 Rxd6 22. Rd1 Bf8 23. Qb5 Rxd1+ 24. Bxd1 Qd7 25. Be2 b6 26. Nxe5 Nxe5 27. Qxe5 Bg7 28. Qb5 Qxb5 29. Bxb5 Bxc3 30. Kf1 Be5 31. Bc4 Kf7 32. Ke2 Bxc4+ 33. bxc4 Ke6 34. Bg1 Bd4 35. Kd3 Ke5 36. Ke2 Kxe4 37. f3+ Ke5 38. Bxd4+ Kxd4 39. Kd2 Kxc4 40. Kc2 c5 41. a3 b5 42. Kd2 a5 43. Kc2 a4 44. Kb2 b4 45. axb4 cxb4 46. Kc2 a3 47. h4 b3+ 48. Kb1 Kc3 49. hxg5 hxg5 50. Kc1 a2 51. Kd1 Kd3 52. Kc1 a1Q# 0-1

[Event "Swiss Queens Wed #7"]
[Site "FIDE Online Arena INT"]
[Date "2024.03.13"]
[Round "8"]
[White "Rakhmangulova, Anastasiya"]
[Black "Lesbekova, Asel"]
[Result "0-1"]
[WhiteElo "2323"]
[BlackElo "1870"]
[PlyCount "114"]
[EventDate "2024.03.13"]
[EventType "swiss (blitz)"]
[EventRounds "11"]
[EventCountry "NET"]
[SourceTitle "CB12_2024"]
[SourceDate "2023.10.01"]
[SourceVersion "1"]
[SourceVersionDate "2023.10.01"]
[SourceQuality "1"]

1. e4 e5 2. Nf3 Nf6 3. d3 Nc6 4. g3 d5 5. exd5 Nxd5 6. Bg2 Bb4+ 7. Bd2 Bxd2+ 8. Qxd2 Bg4 9. 0-0 0-0 10. Na3 Qd7 11. Nc4 f6 12. Rfe1 Rfe8 13. a4 Rad8 14. Nh4 g5 15. Nf3 Qf5 16. Ne3 Nxe3 17. Qxe3 h5 18. Nd2 Nd4 19. Rac1 Bh3 20. Bxb7 c6 21. c3 Ne6 22. Bxc6 Rxd3 23. Qe4 Red8 24. Nb3 Qxe4 25. Bxe4 R3d6 26. Bc2 Bg4 27. Kg2 h4 28. h3 Bh5 29. a5 hxg3 30. fxg3 Kf7 31. Bf5 Bg6 32. Bg4 Rb8 33. Bd1 Be4+ 34. Kf2 Bd5 35. c4 Bc6 36. c5 Rd5 37. Bf3 Rxb3 38. Bxd5 Rxb2+ 39. Re2 Rxe2+ 40. Kxe2 Bxd5 41. Kd3 Bc6 42. Kc4 e4 43. Rb1 f5 44. Rb8 f4 45. gxf4 gxf4 46. Rc8 Bb7 47. Rb8 Bc6 48. Rc8 Bb7 49. Rb8 Ba6+ 50. Kd5 e3 51. Ke4 e2 52. Rb1 Nxc5+ 53. Kxf4 e1Q 54. Rxe1 Nd3+ 55. Ke4 Nxe1 56. Kd5 Be2 57. Kc6 a6 0-1

[Event "Swiss Queens Wed #6"]
[Site "FIDE Online Arena INT"]
[Date "2024.03.06"]
[Round "7"]
[White "Rakhmangulova, Anastasiya"]
[Black "Lahav, Michal"]
[Result "1-0"]
[WhiteElo "2323"]
[BlackElo "2213"]
[PlyCount "89"]
[EventDate "2024.03.06"]
[EventType "swiss (blitz)"]
[EventRounds "11"]
[EventCountry "NET"]
[SourceTitle "CB11_2024"]
[SourceDate "2024.03.13"]
[SourceVersion "1"]
[SourceVersionDate "2024.03.13"]
[SourceQuality "1"]

1. e4 d5 2. exd5 Qxd5 3. Nf3 Nf6 4. d4 c6 5. Be2 Bf5 6. c4 Qd8 7. Qb3 Qb6 8. Qxb6 axb6 9. Nc3 e6 10. Bf4 Bb4 11. 0-0 0-0 12. Nh4 Bg6 13. Nxg6 hxg6 14. a3 Be7 15. g4 Rd8 16. Rfd1 Ra5 17. b4 Ra8 18. Bc7 Rc8 19. Bxb6 Nfd7 20. Bc5 Nxc5 21. bxc5 Bf6 22. Ne4 Nd7 23. g5 Be7 24. Rdb1 Ra7 25. h4 Rca8 26. a4 e5 27. Bg4 Nb8 28. dxe5 Na6 29. e6 Nxc5 30. exf7+ Kxf7 31. Nxc5 Bxc5 32. Rd1 Kg8 33. Rd7 Rf8 34. Ra2 Rf4 35. Be6+ Kh7 36. Kg2 Re4 37. Bf7 Rxh4 38. Kg3 Rh1 39. f4 Rg1+ 40. Kf3 Rh1 41. Rd8 Rh4 42. Kg3 Rh1 43. Bg8+ Kh8 44. Bd5+ Kh7 45. Bxh1 1-0

[Event "Swiss Queens Wed #5"]
[Site "FIDE Online Arena INT"]
[Date "2024.02.28"]
[Round "4"]
[White "Pourkashiyan, Atousa"]
[Black "Rakhmangulova, Anastasiya"]
[Result "0-1"]
[WhiteElo "2270"]
[BlackElo "2309"]
[PlyCount "84"]
[EventDate "2024.02.28"]
[EventType "swiss (blitz)"]
[EventRounds "11"]
[EventCountry "NET"]
[SourceTitle "CB10_2024"]
[SourceDate "2024.03.06"]
[SourceVersion "1"]
[SourceVersionDate "2024.03.06"]
[SourceQuality "1"]

1. Nf3 g6 2. g3 Bg7 3. Bg2 d6 4. 0-0 Nf6 5. d3 0-0 6. e4 c5 7. Nc3 Nc6 8. h3 Rb8 9. a4 Nd4 10. Nxd4 cxd4 11. Ne2 Nd7 12. c3 dxc3 13. bxc3 a6 14. a5 b5 15. axb6 Nxb6 16. Be3 Qc7 17. Qd2 Rd8 18. Bh6 Bh8 19. f4 a5 20. f5 a4 21. Qf4 Be5 22. Qf3 e6 23. d4 Bg7 24. Bxg7 Kxg7 25. f6+ Kh8 26. Qf4 e5 27. Qh6 Rg8 28. Kh2 Ba6 29. Rf2 Bxe2 30. Rxe2 Qxc3 31. Rd1 exd4 32. e5 dxe5 33. Re4 g5 34. Rxe5 d3 35. Rxg5 Rxg5 36. Qxg5 Rg8 37. Qh6 d2 38. Rxd2 Qxg3+ 39. Kh1 a3 40. Re2 Nd5 41. Qc1 Nf4 42. Qf1 Nxe2 0-1

[Event "Swiss Queens Wed #5"]
[Site "FIDE Online Arena INT"]
[Date "2024.02.28"]
[Round "1"]
[White "Rakhmangulova, Anastasiya"]
[Black "Kiseleva, Simona"]
[Result "1-0"]
[WhiteElo "2309"]
[BlackElo "2174"]
[PlyCount "95"]
[EventDate "2024.02.28"]
[EventType "swiss (blitz)"]
[EventRounds "11"]
[EventCountry "NET"]
[SourceTitle "CB10_2024"]
[SourceDate "2024.03.06"]
[SourceVersion "1"]
[SourceVersionDate "2024.03.06"]
[SourceQuality "1"]

1. e4 d6 2. Nc3 Nf6 3. g3 g6 4. Bg2 Bg7 5. Nge2 0-0 6. 0-0 c5 7. d3 Nc6 8. f4 e6 9. h3 Nd4 10. Be3 Ne8 11. g4 f5 12. Ng3 Kh8 13. Kh2 Qh4 14. exf5 exf5 15. g5 h6 16. gxh6 Qxh6 17. Nd5 Nf6 18. Nxf6 Bxf6 19. c3 Ne6 20. Qb3 Rb8 21. Rae1 Ng7 22. Qa4 a6 23. d4 b5 24. Qd1 c4 25. d5 Bh4 26. Bd4 Kg8 27. Re3 Bb7 28. Qe2 Rbd8 29. Nh1 Rd7 30. a4 Rdf7 31. axb5 axb5 32. Ra1 Bc8 33. Ra8 Qxf4+ 34. Kg1 Qg5 35. Bxg7 Rxg7 36. Re8 Rgf7 37. Raxc8 Qc1+ 38. Qf1 Qxb2 39. Rxf8+ Rxf8 40. Rxf8+ Kxf8 41. Qf4 Be7 42. Qf3 Qc1+ 43. Kh2 Qd2 44. Ng3 Bf6 45. Ne4 Be5+ 46. Kg1 Qc1+ 47. Bf1 Qg5+ 48. Nxg5 1-0

[Event "Swiss Queens Wed #5"]
[Site "FIDE Online Arena INT"]
[Date "2024.02.28"]
[Round "2"]
[White "Voit, Daria"]
[Black "Rakhmangulova, Anastasiya"]
[Result "1-0"]
[WhiteElo "2350"]
[BlackElo "2309"]
[PlyCount "53"]
[EventDate "2024.02.28"]
[EventType "swiss (blitz)"]
[EventRounds "11"]
[EventCountry "NET"]
[SourceTitle "CB10_2024"]
[SourceDate "2024.03.06"]
[SourceVersion "1"]
[SourceVersionDate "2024.03.06"]
[SourceQuality "1"]

1. g3 g6 2. Bg2 Bg7 3. c4 d6 4. Nc3 Nf6 5. d4 0-0 6. Nf3 Nbd7 7. 0-0 e5 8. e4 Re8 9. h3 b6 10. Be3 Bb7 11. Qc2 a5 12. Rad1 exd4 13. Nxd4 Nc5 14. f3 Nh5 15. Kh2 f5 16. g4 fxe4 17. gxh5 exf3 18. Bxf3 Rxe3 19. Bxb7 Be5+ 20. Kg1 Nxb7 21. Nf3 Nc5 22. Nd5 Re4 23. hxg6 hxg6 24. Qg2 Kg7 25. Ng5 Rxc4 26. Rf7+ Kg8 27. Ne7+ 1-0

[Event "Swiss Queens Wed #2"]
[Site "FIDE Online Arena INT"]
[Date "2024.02.07"]
[Round "10"]
[White "Mahdian, Anousha"]
[Black "Rakhmangulova, Anastasiya"]
[Result "0-1"]
[WhiteElo "2069"]
[BlackElo "2309"]
[PlyCount "90"]
[EventDate "2024.02.07"]
[EventType "swiss (blitz)"]
[EventRounds "11"]
[EventCountry "NET"]
[SourceTitle "CB07_2024"]
[SourceDate "2024.02.14"]
[SourceVersion "1"]
[SourceVersionDate "2024.02.14"]
[SourceQuality "1"]

1. d4 d5 2. c4 c6 3. Nf3 Nf6 4. Nbd2 Ne4 5. Nxe4 dxe4 6. Ne5 Bf5 7. e3 Nd7 8. Nxd7 Qxd7 9. Qc2 e6 10. Bd2 Bd6 11. g3 h5 12. Bg2 h4 13. 0-0-0 Bg4 14. Rde1 f5 15. h3 Bf3 16. Bxf3 exf3 17. g4 fxg4 18. Qg6+ Qf7 19. Qxg4 0-0-0 20. e4 Rd7 21. Re3 Rf8 22. e5 Be7 23. Rg1 g5 24. Qe4 Qf4 25. Qxf4 Rxf4 26. Bc3 c5 27. d5 exd5 28. e6 Rd8 29. cxd5 Rxd5 30. Kc2 c4 31. Rge1 b5 32. Re5 Rf5 33. Rxf5 Rxf5 34. Rd1 b4 35. Bd4 Rd5 36. b3 cxb3+ 37. Kxb3 a5 38. Kc4 Rd6 39. Re1 Kb7 40. Bc5 Rc6 41. Re5 a4 42. Kxb4 Rxc5 43. Rxc5 Kb6 44. Kxa4 Kxc5 45. Kb3 g4 0-1

[Event "Swiss Queens Wed #2"]
[Site "FIDE Online Arena INT"]
[Date "2024.02.07"]
[Round "7"]
[White "Rakhmangulova, Anastasiya"]
[Black "Paramzina, Anastasya"]
[Result "0-1"]
[WhiteElo "2309"]
[BlackElo "2233"]
[PlyCount "80"]
[EventDate "2024.02.07"]
[EventType "swiss (blitz)"]
[EventRounds "11"]
[EventCountry "NET"]
[SourceTitle "CB07_2024"]
[SourceDate "2024.02.14"]
[SourceVersion "1"]
[SourceVersionDate "2024.02.14"]
[SourceQuality "1"]

1. e4 c5 2. Nf3 d6 3. d4 cxd4 4. Nxd4 Nf6 5. Nc3 a6 6. Bg5 Nbd7 7. Bc4 Qb6 8. Bb3 e6 9. Qd2 Be7 10. Be3 Nc5 11. f3 Qc7 12. g4 Nfd7 13. 0-0-0 Nxb3+ 14. Nxb3 b5 15. Bf4 Ne5 16. Ne2 Nc4 17. Qb4 0-0 18. g5 Bb7 19. Qc3 a5 20. Nd2 Ba6 21. Nxc4 b4 22. Qe3 Bxc4 23. Kb1 a4 24. Nc1 Rfc8 25. Rd2 e5 26. Bg3 Be6 27. h4 b3 28. cxb3 axb3 29. a3 d5 30. exd5 Bf5+ 31. Nd3 Qc4 32. Rhd1 Qxd5 33. Qxe5 Qxe5 34. Bxe5 Rd8 35. Kc1 Rd5 36. Bc3 Rc8 37. Nf4 Rxc3+ 38. bxc3 Bxa3+ 39. Rb2 Rxd1+ 40. Kxd1 Bxb2 0-1

[Event "Swiss Queens Wed #1"]
[Site "FIDE Online Arena INT"]
[Date "2024.01.31"]
[Round "7"]
[White "Ovezdurdiyeva, Jemal"]
[Black "Rakhmangulova, Anastasiya"]
[Result "0-1"]
[WhiteElo "2057"]
[BlackElo "2295"]
[PlyCount "54"]
[EventDate "2024.01.31"]
[EventType "swiss (blitz)"]
[EventRounds "11"]
[EventCountry "NET"]
[SourceTitle "CB06_2024"]
[SourceDate "2024.02.07"]
[SourceVersion "1"]
[SourceVersionDate "2024.02.07"]
[SourceQuality "1"]

1. e4 c5 2. Nf3 d6 3. c3 Nf6 4. Bd3 Nc6 5. 0-0 e6 6. Bc2 Be7 7. d4 cxd4 8. cxd4 Nb4 9. Bb3 Nxe4 10. Qe1 d5 11. Ne5 0-0 12. Nc3 Nf6 13. Bf4 Nc6 14. Qd2 Nd7 15. Ne2 f6 16. Nxd7 Bxd7 17. Qd3 Nb4 18. Qg3 Bb5 19. Rfe1 Nd3 20. Bh6 Rf7 21. Reb1 Bd6 22. Qf3 gxh6 23. Nc3 Bc4 24. Qg4+ Rg7 25. Qxe6+ Kh8 26. Nxd5 Bxd5 27. Bxd5 Nf4 0-1

[Event "Swiss Queens Wed #1"]
[Site "FIDE Online Arena INT"]
[Date "2024.01.31"]
[Round "9"]
[White "Rakhmangulova, Anastasiya"]
[Black "Meghna, CH."]
[Result "1-0"]
[WhiteElo "2295"]
[BlackElo "1992"]
[PlyCount "51"]
[EventDate "2024.01.31"]
[EventType "swiss (blitz)"]
[EventRounds "11"]
[EventCountry "NET"]
[SourceTitle "CB06_2024"]
[SourceDate "2024.02.07"]
[SourceVersion "1"]
[SourceVersionDate "2024.02.07"]
[SourceQuality "1"]

1. e4 Nc6 2. Nf3 Nf6 3. e5 Ng4 4. d4 d6 5. h3 Nh6 6. Bb5 a6 7. Bxc6+ bxc6 8. 0-0 Rb8 9. c4 Bf5 10. Qa4 Qd7 11. Nc3 Rg8 12. Bf4 g5 13. Nxg5 f6 14. exf6 exf6 15. Nge4 Rg6 16. Rae1 Kd8 17. Ng3 Rxb2 18. Qxa6 Rb8 19. d5 c5 20. Nb5 Bd3 21. Na7 Rb6 22. Nc6+ Rxc6 23. dxc6 Bxf1 24. Qa8+ Qc8 25. Qxc8+ Kxc8 26. Re8# 1-0

[Event "EU-chT (Women) 24th"]
[Site "Budva"]
[Date "2023.11.14"]
[Round "4.4"]
[White "Zhezhovska, Monika"]
[Black "Rakhmangulova, Anastasiya"]
[Result "0-1"]
[WhiteElo "1722"]
[BlackElo "2324"]
[PlyCount "58"]
[EventDate "2023.11.11"]
[EventType "team-swiss"]
[EventRounds "9"]
[EventCountry "MNE"]
[SourceTitle "CB47_2023"]
[SourceDate "2023.11.22"]
[SourceVersion "1"]
[SourceVersionDate "2023.11.22"]
[SourceQuality "1"]
[WhiteTeam "North Macedonia (W)"]
[BlackTeam "Ukraine (W)"]
[WhiteTeamCountry "MKD"]
[BlackTeamCountry "UKR"]

1. d4 Nf6 2. c4 c5 3. d5 b5 4. cxb5 a6 5. bxa6 g6 6. Nc3 Bg7 7. Nf3 0-0 8. e4 Qa5 9. Bd2 Bxa6 10. Bxa6 Qxa6 11. Qe2 d6 12. a4 Nfd7 13. Ra3 Nb6 14. b3 Qxe2+ 15. Kxe2 Na6 16. Nb5 f5 17. a5 Nd7 18. Ng5 Rfb8 19. Nc3 fxe4 20. Ngxe4 Nb4 21. Rc1 Nb6 22. Bg5 N6xd5 23. Nxd5 Nxd5 24. Rd1 Nb4 25. Kf1 Nc6 26. a6 Rb6 27. a7 Rb7 28. Ra6 Nb4 29. Ra4 Raxa7 0-1

[Event "EU-chT (Women) 24th"]
[Site "Budva"]
[Date "2023.11.13"]
[Round "3.4"]
[White "Rakhmangulova, Anastasiya"]
[Black "Vajda, Szidonia"]
[Result "0-1"]
[WhiteElo "2324"]
[BlackElo "2265"]
[PlyCount "100"]
[EventDate "2023.11.11"]
[EventType "team-swiss"]
[EventRounds "9"]
[EventCountry "MNE"]
[SourceTitle "CB47_2023"]
[SourceDate "2023.11.22"]
[SourceVersion "1"]
[SourceVersionDate "2023.11.22"]
[SourceQuality "1"]
[WhiteTeam "Ukraine (W)"]
[BlackTeam "Hungary (W)"]
[WhiteTeamCountry "UKR"]
[BlackTeamCountry "HUN"]

1. e4 c6 2. d4 d5 3. e5 c5 4. dxc5 e6 5. a3 Bxc5 6. b4 Bb6 7. Nf3 Ne7 8. Bd3 Ng6 9. 0-0 Nc6 10. Bb2 0-0 11. Nbd2 Nf4 12. Nb3 a5 13. Qd2 Nxd3 14. cxd3 d4 15. b5 a4 16. Nc1 Na7 17. Qb4 Bd7 18. Nxd4 Bxd4 19. Bxd4 Nxb5 20. Be3 Bc6 21. Qg4 Qd5 22. Qg3 Kh8 23. Na2 Qxd3 24. Nb4 Qf5 25. Nxc6 bxc6 26. Rfc1 Rfd8 27. Qg5 Qxg5 28. Bxg5 Rd5 29. Be7 Nd4 30. Rd1 Nb3 31. Rxd5 cxd5 32. Rd1 Rc8 33. f4 h5 34. Rd3 Rc1+ 35. Kf2 Rc2+ 36. Kg3 Kh7 37. Kh3 Rc4 38. g3 Nd4 39. Bb4 Kg6 40. Bf8 Nb5 41. Rd2 Rc8 42. Be7 Rc3 43. Rb2 Rb3 44. Rc2 Nc3 45. Bb4 d4 46. Rd2 Nb5 47. Bc5 d3 48. g4 Nxa3 49. Kh4 hxg4 50. Kxg4 Nc4 0-1

[Event "Sebes GP op"]
[Site "Sebes"]
[Date "2023.11.05"]
[Round "7"]
[White "Rakhmangulova, Anastasiya"]
[Black "Istratescu, Andrei"]
[Result "1/2-1/2"]
[WhiteElo "2354"]
[BlackElo "2370"]
[PlyCount "69"]
[EventDate "2023.11.04"]
[EventType "swiss"]
[EventRounds "10"]
[EventCountry "ROU"]
[SourceTitle "CB46_2023"]
[SourceDate "2023.11.15"]
[SourceVersion "1"]
[SourceVersionDate "2023.11.15"]
[SourceQuality "1"]

1. e4 c6 2. d4 d5 3. e5 Bf5 4. h4 h5 5. Bd3 Bxd3 6. Qxd3 e6 7. Bg5 Qa5+ 8. Nd2 Qa6 9. c4 Bb4 10. b3 Ne7 11. Ngf3 Nf5 12. 0-0 Nd7 13. a3 Bxd2 14. Bxd2 c5 15. dxc5 dxc4 16. Qxc4 Qxc4 17. bxc4 Nxc5 18. Bb4 Rc8 19. Rfd1 b6 20. g3 0-0 21. Rab1 Rfe8 22. Kg2 f6 23. exf6 gxf6 24. Nd4 Nxd4 25. Rxd4 Kf7 26. Bxc5 Rxc5 27. Rb5 Rxb5 28. cxb5 Re7 29. Rd8 Rc7 30. Ra8 Kg6 31. Rg8+ Kf5 32. Rh8 Kg6 33. Rg8+ Kf5 34. Rh8 Kg6 35. Rg8+ 1/2-1/2